<?xml version="1.0" encoding="UTF-8"?>
<record
    xmlns:xsi="http://www.w3.org/2001/XMLSchema-instance"
    xsi:schemaLocation="http://www.loc.gov/MARC21/slim http://www.loc.gov/standards/marcxml/schema/MARC21slim.xsd"
    xmlns="http://www.loc.gov/MARC21/slim">

  <leader>00915nam a22002297a 4500</leader>
  <controlfield tag="001">BRCA_9293</controlfield>
  <controlfield tag="003">FranzMayer</controlfield>
  <controlfield tag="005">20230724132441.0</controlfield>
  <controlfield tag="008">230724b        |||||||| |||| 00| 0 eng d</controlfield>
  <datafield tag="040" ind1=" " ind2=" ">
    <subfield code="a">MFM</subfield>
    <subfield code="b">esp</subfield>
    <subfield code="c">MFM</subfield>
  </datafield>
  <datafield tag="050" ind1=" " ind2=" ">
    <subfield code="a">LM24</subfield>
    <subfield code="b">Z37 1669</subfield>
  </datafield>
  <datafield tag="082" ind1=" " ind2=" ">
    <subfield code="2">QA101</subfield>
  </datafield>
  <datafield tag="100" ind1="1" ind2=" ">
    <subfield code="4">Autor</subfield>
    <subfield code="a">Zaragoza, Ioseph</subfield>
    <subfield code="9">28956</subfield>
  </datafield>
  <datafield tag="240" ind1="1" ind2=" ">
    <subfield code="a">Arithmetica universal que comprehende el arte menor y maior, algebra vulgar y especiosa</subfield>
    <subfield code="l">espa&#xF1;ol</subfield>
  </datafield>
  <datafield tag="245" ind1="0" ind2=" ">
    <subfield code="a">Arithmentica universal que comprehende el arte menor y maior, algebra vulgar y especiosa</subfield>
  </datafield>
  <datafield tag="260" ind1=" " ind2=" ">
    <subfield code="a">Valencia, Espa&#xF1;a</subfield>
    <subfield code="b">Geronimo Vilagrafa</subfield>
    <subfield code="c">1669</subfield>
  </datafield>
  <datafield tag="300" ind1=" " ind2=" ">
    <subfield code="a">448 p</subfield>
    <subfield code="c">19 cm</subfield>
  </datafield>
  <datafield tag="505" ind1="0" ind2=" ">
    <subfield code="a">Texto en: espa&#xF1;olDirigido a: matem&#xE1;ticos, profesores, cient&#xED;ficosIncluye &#xED;ndice tem&#xE1;ticoIncluye glosario</subfield>
  </datafield>
  <datafield tag="650" ind1="1" ind2=" ">
    <subfield code="2">Matem&#xE1;ticas </subfield>
    <subfield code="a">Matem&#xE1;ticas b&#xE1;sicas </subfield>
    <subfield code="v">Aritm&#xE9;tica </subfield>
    <subfield code="9">28957</subfield>
  </datafield>
  <datafield tag="651" ind1="2" ind2=" ">
    <subfield code="2">Aritm&#xE9;tica </subfield>
    <subfield code="a">Libros de aritm&#xE9;tica</subfield>
    <subfield code="v">1669</subfield>
    <subfield code="9">28958</subfield>
  </datafield>
  <datafield tag="942" ind1=" " ind2=" ">
    <subfield code="2">lcc</subfield>
    <subfield code="c">B</subfield>
  </datafield>
  <datafield tag="999" ind1=" " ind2=" ">
    <subfield code="c">10913</subfield>
    <subfield code="d">10913</subfield>
  </datafield>
  <datafield tag="952" ind1=" " ind2=" ">
    <subfield code="0">0</subfield>
    <subfield code="1">0</subfield>
    <subfield code="2">lcc</subfield>
    <subfield code="4">0</subfield>
    <subfield code="7">0</subfield>
    <subfield code="8">CFM</subfield>
    <subfield code="a">BRCA</subfield>
    <subfield code="b">BRCA</subfield>
    <subfield code="d">2023-07-24</subfield>
    <subfield code="e">Donaci&#xF3;n</subfield>
    <subfield code="l">0</subfield>
    <subfield code="o">LM24 Z37 1669</subfield>
    <subfield code="p">CFM00529</subfield>
    <subfield code="r">2023-07-24 00:00:00</subfield>
    <subfield code="w">2023-07-24</subfield>
    <subfield code="y">B</subfield>
  </datafield>
</record>
